A wake-up call for landlords (Record no. 78840)

MARC details
000 -LEADER
fixed length control field 01373cab a22002535a 4500
001 - CONTROL NUMBER
control field L138357
008 - FIXED-LENGTH DATA ELEMENTS--GENERAL INFORMATION
fixed length control field 070531e20070526xxk f 000 0 eng d
035 ## - SYSTEM CONTROL NUMBER
System control number (Sirsi) u138357
041 0# - LANGUAGE CODE
Language code of text/sound track or separate title eng
100 1# - MAIN ENTRY--PERSONAL NAME
Personal name Bradford, Katie
245 02 - TITLE STATEMENT
Title A wake-up call for landlords
260 ## - PUBLICATION, DISTRIBUTION, ETC.
Date of publication, distribution, etc. 2007
490 ## - SERIES STATEMENT
Series statement Estates Gazette
Volume/sequential designation (0721) 26 May 2007, 122-124(3)
520 ## - SUMMARY, ETC.
Summary, etc. Reports on Prudential V Powerhouse, which considered whether tenants may reduce their landlords guarantees using a CVA. These are procedures enabling companies to reach agreements with creditors. The established principle is that companies may use CVA to alter aspects of the landlord-tenant relationship. These include rent reductions, term adjustments and compulsory surrenders. Because of this case, landlords may now need to be involved in CVA meetings. Without fighting the effects of a CVA, landlords may now lose any guarantees removed by it.
590 ## - LOCAL NOTE (RLIN)
Local note KA
650 24 - SUBJECT ADDED ENTRY--TOPICAL TERM
Topical term or geographic name entry element PRUDENTIAL ASSURANCE CO LTD AND OTHERS V PRG POWERHOUSE LTD AND OTHERS
650 24 - SUBJECT ADDED ENTRY--TOPICAL TERM
Topical term or geographic name entry element BURFORD MIDLAND PROPERTIES LTD V MARLEY EXTRUSIONS LTD
650 24 - SUBJECT ADDED ENTRY--TOPICAL TERM
Topical term or geographic name entry element SEA ASSETS LTD V PERUSAHAAN PERSEROAN (PERSERO) PT PERUSAHAAN PENERBANGAN GARUDA INDONESIA
650 24 - SUBJECT ADDED ENTRY--TOPICAL TERM
Topical term or geographic name entry element INSOLVENCY ACT 1986
651 #4 - SUBJECT ADDED ENTRY--GEOGRAPHIC NAME
Geographic name England and Wales
Chronological subdivision 1543-
690 ## - LOCAL SUBJECT ADDED ENTRY--TOPICAL TERM (OCLC, RLIN)
Topical term or geographic name as entry element PROPERTY-LANDLORD AND TENANT-TENANCIES
700 1# - ADDED ENTRY--PERSONAL NAME
Personal name Hartley, Simon
942 ## - ADDED ENTRY ELEMENTS (KOHA)
Suppress in OPAC 0
Holdings
Withdrawn status Lost status Source of classification or shelving scheme Damaged status Not for loan Home library Current library Shelving location Date acquired Total Checkouts Full call number Barcode Date last seen Copy number Price effective from Koha item type
    Dewey Decimal Classification     London London Journal article 31/05/2007   L138357 138357-1001 06/08/2019 1 06/08/2019 Journal article